Birds' modern insurance law. (Record no. 101420)

MARC details
000 -LEADER
fixed length control field 00503cam a2200205 4500
008 - FIXED-LENGTH DATA ELEMENTS--GENERAL INFORMATION
fixed length control field 000000n2001 000 0 eng u
020 ## - INTERNATIONAL STANDARD BOOK NUMBER
International Standard Book Number 0421716703
035 ## - SYSTEM CONTROL NUMBER
System control number (Sirsi) u112375
050 ## - LIBRARY OF CONGRESS CALL NUMBER
Classification number 368.0026
100 ## - MAIN ENTRY--PERSONAL NAME
Personal name Birds, John
245 ## - TITLE STATEMENT
Title Birds' modern insurance law.
250 ## - EDITION STATEMENT
Edition statement 5th ed.
260 ## - PUBLICATION, DISTRIBUTION, ETC.
Place of publication, distribution, etc. London
Name of publisher, distributor, etc. Sweet & Maxwell
Date of publication, distribution, etc. 2001
300 ## - PHYSICAL DESCRIPTION
Extent xlii,413p. ; 22cm.
350 ## - PRICE (NR) (BK AM CF MU VM SE) [OBSOLETE]
Price 25.00
650 ## - SUBJECT ADDED ENTRY--TOPICAL TERM
Topical term or geographic name entry element INSURANCE LAW
690 ## - LOCAL SUBJECT ADDED ENTRY--TOPICAL TERM (OCLC, RLIN)
Topical term or geographic name as entry element Insurance
9 (RLIN) 6249
700 ## - ADDED ENTRY--PERSONAL NAME
Personal name Hird, Norma
942 ## - ADDED ENTRY ELEMENTS (KOHA)
Suppress in OPAC 0
Holdings
Withdrawn status Lost status Source of classification or shelving scheme Damaged status Not for loan Home library Current library Shelving location Date acquired Cost, normal purchase price Total Checkouts Full call number Barcode Date last seen Date last checked out Copy number Cost, replacement price Price effective from Koha item type
    Dewey Decimal Classification     London London Books 28/06/2001 25.00 6 368.0026 BIR 30064515 06/08/2019 23/02/2006 1 25.00 06/08/2019 Book